Premier League teams from London - Statistics

General Stats
  • This quiz has been taken 202 times
  • The average score is 5 of 5
Answer Stats
Answer % Correct
Arsenal
98%
Chelsea
97%
Tottenham Hotspur
95%
West Ham United
85%
Crystal Palace
77%
No matching quizzes found
Score Distribution
Percent of People with Each Score
Percentile by Number Answered
Your Score History
You have not taken this quiz